| 000 | 00638nam a2200193 i 4500 | ||
|---|---|---|---|
| 001 | 35881 | ||
| 003 | ES-MaACL | ||
| 005 | 20230906155233.0 | ||
| 007 | t| | ||
| 008 | 030214s1948 fr ||||1| fre d | ||
| 100 | 1 |
_aBréhier, Louis. _931559 |
|
| 245 | 1 | 3 |
_aLe mond byzantin _b: vie et mort de Byzance / _cpar Louis Bréhier. |
| 260 |
_aParis : _bAlbin Michel, _c1948 ( _eSaint Amand : _fR. Bussiére) |
||
| 300 |
_aXXI, 602 p., XII lám., 4 map. pleg. ; _c20 cm. |
||
| 490 | 1 |
_al'évolution de l'humanité ; _v32 |
|
| 830 | 0 |
_al'évolution de l'humanité ; _v32 _9181507 |
|
| 852 |
_aES-MaACL _jB-8168 _bR.29281 |
||
| 999 |
_c35881 _d35881 |
||